Statistics for South Asian Geography By Letter - B

Click here to take the quiz!

General Stats

  • This quiz has been taken 257 times
    (168 since last reset)
  • The average score is 10 of 16

Answer Stats

HintAnswer% Correct
Small Himalayan countryBhutan
99%
Nickname for the Mumbai film industryBollywood
98%
Former name of MumbaiBombay
95%
Main religion of Sri LankaBuddhism
90%
Bay between India and MyanmarBay of Bengal
89%
75% of this country is less than
16 feet above sea level
Bangladesh
86%
Highest caste in HinduismBrahmin
64%
Statues that were destroyed
by the Taliban in 2001
{Buddha}s of
Bamiyan
64%
Major river that runs through
northeastern India
Brahmaputra
62%
"Silicon Valley of India"Bangalore
61%
Ancient region in northern
Afghanistan that gave its name
to the two-humped camel
Bactria
48%
Capital of Madhya Pradesh, IndiaBhopal
46%
Largest Pakistani province{Baloch}istan
44%
Cox's Bazar is home to the
world's longest one of these
Beach
38%
The southern part of this Indian state
ceded to form Jharkhand
Bihar
27%
Site in that state that is home
to the Bodhi tree
Bodh Gaya
19%

Score Distribution

Percentile by Number Answered

Percent of People with Each Score

Your Score History

You have not taken this quiz since the last reset